Dushanbe International Airport Destinations (Dushanbe, Tajikistan) - Statistics

General Stats
  • This quiz has been taken 80 times
    27 since last reset
  • The average score is 21 of 39
Answer Stats
Airline Destination % Correct
Somon Air Moscow (Domodedovo)
100%
Somon Air Moscow (Zhukovsky)
100%
FlyArystan/Somon Air Astana
96%
Azerbaijan Airlines Baku
96%
flydubai/Somon Air Dubai (International)
96%
Turkish Airlines Istanbul
96%
Centrum Air/Somon Air/Uzbekistan Airways Tashkent
96%
China Southern Airlines Beijing (Daxing)
92%
Somon Air/Ural Airlines Saint Petersburg
92%
Somon Air Almaty
88%
Somon Air Doha
88%
Somon Air Bishkek
83%
Jazeera Airways Kuwait City
79%
Somon Air/Varesh Airlines Tehran (Imam Khomeini)
75%
Somon Air Delhi
71%
China Southern Airlines Ürümqi
71%
Nordwind Airlines Kazan
67%
Somon Air Tbilisi
63%
China Southern Arilines/Loong Air Xi'an
63%
Somon Air Jeddah
58%
Somon Air Novosibirsk
58%
Somon Air/Ural Airlines Sochi
58%
Somon Air/Ural Airlines Samara
46%
Nordwind Airlines Ufa
42%
Somon Air Krasnoyarsk (Yemelyanovo)
38%
Somon Air Islamabad
33%
Ural Airlines Irkutsk
29%
Kish Airlines Kish
29%
Raimon Airways/Varesh Airlines Mashhad
25%
Somon Air Munich
17%
Centrum Air Samarqand
17%
Tajik Air Khorog
8%
Somon Air Makhachkala
8%
Somon Air Sharm El Sheikh
4%
Nordwind Airlines Tyumen
4%
Tajik Air Kulob
0%
Tajik Air Panjakent
0%
Tajik Air Rasht
0%
Somon Air Trabzon
0%
No matching quizzes found
Score Distribution
Percent of People with Each Score
Percentile by Number Answered
Your Score History
You have not taken this quiz since the last reset